MDQL
is popping MORE tags! Check the
thread
!
Quizzes
Events
Quiz Creation
Community
Videos
Private Events
Remove Ads
Sign In
Join for FREE
Feedback
Dark Mode
Quiz Categories
Sports
Geography
Music
Movies
Television
Just For Fun
Miscellaneous
History
Literature
Language
Science
Gaming
Entertainment
Religion
Holiday
For Kids
Quiz Lab
Recent
Popular Today
Quiz Kudos Today
Editor Picks
Curator Picks
Quizzes by...
Day
Popularity
Type
Ratings
Length
Year
Community
Subscriptions
Recent Discussions
Orange Saloon
Badges
Playlists
Quests
Create
Leaderboards
Showdown
Live 5
Trivia Bingo
Activity
Puzzle Library
Sporcle Events
Private Events
Virtual Trivia
Globe League
Become a Host
Pub Owners
SporcleCon
Opinionation
Our Games
Videos
Blog
Mobile Apps
Partnerships
Remove Ads and Go Orange
Feedback
Sports
Athletes
MLB
NBA
NHL
NFL
Soccer
Sports Teams
WWE
NCAA
Football
Premier League
Basketball
Baseball
Hockey
Golf
Tennis
Cricket
Rugby
Auto Racing
Olympics
World Cup
Sports
Athletes
MLB
NBA
NHL
NFL
Soccer
Sports Teams
WWE
NCAA
Football
Premier League
Basketball
Baseball
Hockey
Golf
Tennis
Cricket
Rugby
Auto Racing
Olympics
World Cup
Random Quiz
Search Sporcle
×
Quiz Lab
Quiz Lab
Sports
Football
Type in answers that appear in a list
Type in answers that appear in a list
Classic
Best Score? Go Orange.
Red Sox All-Time LF and SS starters Stats
Can you name the left fielders and short stops who were in the Opening Day lineup for the Red Sox (since 1901)?
By
bmo1616
10m
91 Questions
287 Plays
287 Plays
287 Plays
Comments
Comments
Give Quiz Kudos
Give Quiz Kudos
-
- Ratings
hide this ad
Replay
Link that replays current quiz
Next Quiz
Link to next quiz in quiz playlist
You Got
0%
They Got
Avg Score
25%
Avg Friend Score
Upgrade to see
Score Distribution
Jump to the score distribution portion of the page
Score
0/91
Timer
10:00
0
Plays Today
Position
Players
% Correct
(1940,1942,1946-
1952,1956-
1957,1960)
Ted Williams
93%
(1928)
Ken Williams
92.7%
(1961-
1972,1978)
Carl Yastrzemski
89.5%
(1997-
2000,2002-
2003)
Nomar Garciaparra
87.5%
(1976-
1977,1979-
1988)
Jim Rice
86.8%
(2002-
2008)
Manny Ramirez
86.1%
(1961)
Pumpsie Green
73.9%
(1989-
1996)
Mike Greenwell
71.8%
(2005)
Edgar Renteria
67.9%
(2009)
Jason Bay
67.2%
(2006)
Alex Gonzalez
59.6%
(1942,1946-
1947)
Johnny Pesky
58.2%
(1998-
2001)
Troy O'Leary
56.8%
(2010)
Jacoby Ellsbury
56.4%
(2007-
2008)
Julio Lugo
55.4%
(1975-
1980)
Rick Burleson
52.6%
(1965-
1970)
Rico Petrocelli
52.3%
(1935-
1941)
Joe Cronin
51.2%
(2010)
Marco Scutaro
51.2%
(1994-
1996)
John Valentin
49.8%
(2009)
Jed Lowrie
47.4%
(1987-
1988)
Spike Owen
45.6%
(2004)
Pokey Reese
43.6%
(1934)
Roy Johnson
42.5%
(1944-
1945)
Bob Johnson
42.5%
(1911-
1915,1917)
Duffy Lewis
41.1%
(1919)
Babe Ruth
40.1%
(1971-
1973)
Luis Aparicio
38.3%
(1910)
Harry Hooper
37.6%
(1989-
1990)
Jody Reed
36.6%
(1948-
1950)
Vern Stephens
35.9%
Position
Players
% Correct
(1953,1958)
Gene Stephens
35.9%
(1981-
1984,1986)
Glenn Hoffman
32.4%
(1914-
1921)
Everett Scott
28.2%
(1992-
1993)
Luis Rivera
27.9%
(1941)
Pete Fox
25.4%
(1985)
Jackie Gutierrez
25.1%
(1991)
Tim Naehring
23.3%
(1952)
Jimmy Piersall
20.2%
(1973-
1974)
Tommy Harper
20.2%
(1975)
Juan Beniquez
19.9%
(1962-
1964)
Eddie Bressoud
17.8%
(1974)
Mario Guerrero
17.1%
(1956,1958-
1960)
Dod Buddin
15.7%
(1907-
1913)
Heinie Wagner
15.3%
(2001)
Craig Grebeck
15%
(1997)
Wil Cordero
13.6%
(1954)
Billy Goodman
11.8%
Short Stop (1901-
1906)
Fred Parent
11.5%
(1951)
Lou Boudreau
11.5%
(1922-
1923)
Joe Harris
9.8%
(1959)
Gary Geiger
9.1%
(1924,1926)
Dud Lee
7.7%
(1954)
Ted Lepcio
7.7%
(1943)
Eddie Lake
7.3%
(1944-
1945)
Skeeter Newsome
7%
(1955)
Fayne Throneberry
6.6%
(1938-
1939)
Joe Vosmik
6.3%
(1928)
Jack Rothrock
5.9%
(1955)
Eddie Joost
5.9%
(1932)
Jack Rothrock
5.9%
(1943)
Johnny Lazor
5.9%
Position
Players
% Correct
(1934)
Billy Werber
5.6%
(1957)
Gene Mauch
5.2%
(1929)
Ira Flagstead
4.5%
(1933)
Smead Jolley
4.5%
(1936)
Heinie Manush
4.5%
(1953)
Milt Boling
4.2%
(1935)
Carl Reynolds
3.8%
(1903-
1904)
Patsy Dougherty
3.5%
(1931,1933)
Rabbit Warstler
2.8%
(1924-
1925)
Bobby Veach
2.8%
(1922)
Frank O' Rourke
2.1%
(1902)
Piano Legs Hickman
1.7%
(1920-
1921)
Mike Menosky
1.7%
(1937)
Buster Mills
1.7%
(1923)
Chick Fewster
1.4%
(1927)
Pee Wee Waninger
1.4%
(1930)
Bill Narleski
1.4%
Left Field (1901)
Tommy Dowd
1.4%
(1905)
Jesse Burkett
1.4%
(1916)
Chick Shorten
1.4%
(1918)
George Whiteman
1.4%
(1925)
Turkey Gross
1%
(1929,1932)
Hal Rhyne
1%
(1906)
Kip Selbach
1%
(1907)
John Hoey
1%
(1908-
1909)
Jack Thoney
1%
(1927)
Wally Shaner
1%
(1930-
1931)
Russ Scarritt
1%
(1926)
Tom Jenkins
0.7%
Quiz Playlist
Details
Report
Send in Message
Add To Playlist
Classic:
Type in answers that appear in a list
Last Updated: Feb 16, 2017
Quiz Scoreboard
CHALLENGE
Sign Up to Join the Scoreboard
Show All
Scores
Hide
Comments
May contain spoilers
Recently Published
Holiday 10x10 Sorting Gallery
by lukepisani3
Holiday
15m
Two Season TV Shows II
by 123Four
Television
10m
Image Sorting: Flags VI
by Barbecue
Geography
2m
More to Explore
Quiz From the Vault
Featured Blog Post
14 Easter Pick-up Lines to Find Eggs With
hide this ad
You Might Also Like...
Tags
Baseball Quiz
Football Quiz
MLB Quiz
1901
Fielder
lineup
Player
Red
short
Starter
stop
Today's Top Quizzes in Sports
Browse Sports
hide this ad
Today's Top Quizzes in Football
Browse Football
Top Contributed Quizzes in Sports
1
Les meilleurs buteurs des matchs entre le PSG et l’OM
2
Les entraîneurs de l'OM et du PSG au 21e siècle
3
2022 World Cup Stars
4
Les joueurs passés par le PSG et l'OM
5
Players with Multiple 50 Home Run Seasons
6
FIFA Club World Cup Champions
7
Top 10 NHL Goal Scorers of All Time
8
Les joueurs passés par le LOSC et le RC Lens
9
Criteria MLB: Left Handed Sluggers
10
2023 MLB Unique Player Accomplishments
Explore More
Trending Topics
Kpop
Marvel
Harry Potter
Anime
Crossword
NBA
Disney
NFL
Song
Pokémon
Puzzle
Soccer
WWE
Country
The Office
hide this ad
More By:
bmo1616
Quiz
Plays
Rating
Category
Featured
Created
The Office: Boom! Roasted!
564,546
4.45
Television
Feb 27, 2010
Bohemian Rhapsody
295,618
4.00
Music
Sep 30, 2009
Disney World Attraction Quotes
19,812
3.74
Entertainment
Oct 2, 2009
108 LOST Trivia Questions
19,537
4.32
Television
May 16, 2010
States that don't end in a vowel or S
7,024
3.67
Geography
Nov 22, 2009
Go to Creator's Profile
Score Distribution
Quiz Creator Spotlight
bmo1616
Follow
Send a Message
Quizzes Created
-
Created Quiz Play Count
-
More By This Creator
Popular Quizzes Today
1
Find the US States - No Outlines Minefield
2
Colored Red Africa Blitz
3
Find the 'City' Movie
4
The Countries of the World
5
Find the US States
6
5x2 Blitz: Bands
7
Find the Countries of Europe - No Outlines Minefield
8
US States
More Sports Quizzes
Champions League Final Scorers since 2000
Quiz Lab
Trending Quizzes
Colored Red Europe Blitz I
Colored Red Europe Blitz II
Colored Red Africa Blitz II
Colored Red Europe Blitz III
Colored Red Africa Blitz III
Recently Updated
Odd Team Out - Big 4 Players
pecheneg
Quick Pick: 20 Twenties
pecheneg
March Madness Men's Triple Doubles
pecheneg
How Do You Spell That?
pecheneg
Godzilla Movies
pecheneg
Grab Bag: 4-10 Letters
pecheneg
2024 March Madness Bracket
pecheneg
Famous TV Couples
Peacemaker
Champions League XIs: Real Madrid
pecheneg
Largest US Cities 1790-2010
pecheneg
Trending Topics
Marvel
Crossword
Kpop
Disney
Anime
NBA
Harry Potter
The Office
Pokémon
Soccer
WWE
Song
NFL
Puzzle
Country
Your Account Isn't Verified!
In order to create a playlist on Sporcle, you need to verify the email address you used during registration. Go to your
Sporcle Settings
to finish the process.
Report this User
Report this user for behavior that violates our
Community Guidelines
.
Details:
Send Report
Go to the Sporcle.com Mobile Site →
Comments